000 01376nam0a2200325 4500
001 RU\NLR\BIBL_A\012675623
005 20250624112214.0
010 _a978-5-00179-102-7
_9300
021 _aRU
_b2021-57449
_9КН-П-4485
035 _a(NLR Aleph) 012675623
090 _a12798580
_c12798580
100 _a20211223d2021 |||y0rusy50 ca
101 0 _aeng
102 _aRU
105 _aa j 000zy
181 0 _ai
_baxxe
182 0 _an
200 1 _aEnglish phonetics and phonology
_ea set of lectures and seminars
_eучебно-методическое пособие
_fN. V. Chumicheva
203 _aТекст
_bвизуальный
_cнепосредственный
210 _aКраснодар
_cНовация
_d2021
215 _a78 с.
_cил.
_d20
320 _aБиблиогр.: с. 77-78 (17 назв.)
541 1 _aАнглийские фонетика и фонология
_eкурс лекций и семинаров
606 1 _aАнглийский язык
_jУчебные издания для высших учебных заведений
_xФонетика
_9972110
_3RU\NLR\AUTH\6645929
686 1 _aШ143.21-93рус3-1
700 1 _7ba
_8rus
_aČumičeva
_bN.V.
_cканд. филол. наук
_gNelli Viktorovna
_9239263
_3RU\NLR\AUTH\770239319
942 _cBOOK
980 _aNB